000 00694nam a2200205Ii 4500
003 JO-AjNU
008 230605s9999||||xx |||||||||||||| ||und||
017 _a2001/1/295
040 _aJO-AjNU
_bara
_erda
_cJO-AjNU
041 _aara
050 1 4 _aBP161.2 2001
100 3 _aإعداد ملحم، أحمد، م.مشارك محمد الدعجة,
_eauthor
_939046
245 0 0 _aالأسئلة الموضوعية لمادة الثقافة الإسلامية
264 3 1 _aعمان: المؤلف، 2001
300 _a176ص
336 _atext
_btxt
_2rdacontent
337 _aunmediated
_bn
_2rdamedia
338 _avolume
_bnc
_2rdacarrier
650 4 _aالثقافة الاسلامية
_939047
999 _aA16457
_c20025
_d20025